书目信息 |
| 题名: |
精密测控与系统
|
|
| 作者: | 董永贵 , 李庆祥 编著 | |
| 分册: | ||
| 出版信息: | 北京 清华大学出版社 2005.9 |
|
| 页数: | 389页 | |
| 开本: | 23cm | |
| 丛书名: | 清华大学测控技术与仪器系列教材 | |
| 单 册: | ||
| 中图分类: | TG806-43 , TM93-43 | |
| 科图分类: | ||
| 主题词: | 测量系统--ce liang xi tong--控制系统--高等学校--教材 , 控制系统--kong zhi xi tong | |
| 电子资源: | ||
| ISBN: | 7-302-11460-9 | |
| 000 | 01179nam0 2200301 45 | |
| 001 | 012005000000 | |
| 005 | 20061114094130.25 | |
| 010 | @a7-302-11460-9@dCNY38.00 | |
| 100 | @a20051027d2005 em y0chiy0121 ea | |
| 101 | 0 | @achi |
| 102 | @aCN@b110000 | |
| 105 | @aa a 000yy | |
| 200 | 1 | @a精密测控与系统@Ajing mi ce kong yu xi tong@d= Precision measurement, control and systems@f董永贵, 李庆祥编著@zeng |
| 210 | @a北京@c清华大学出版社@d2005.9 | |
| 215 | @a389页@c图@d23cm | |
| 225 | 2 | @a清华大学测控技术与仪器系列教材@Aqing hua da xue ce kong ji shu yu yi qi xi lie jiao cai |
| 320 | @a有书目 (第388-389页) | |
| 330 | @a本书以系统的观点阐述了现代精密仪器设计中的控制理论、测试技术和设计方法。内容包括: 导论、系统的数学模型、传感器与测试系统等。 | |
| 410 | 0 | @12001 @a清华大学测控技术与仪器系列教材 |
| 510 | 1 | @aPrecision measurement, control and systems@zeng |
| 606 | 0 | @a测量系统@Ace liang xi tong@x控制系统@x高等学校@j教材 |
| 606 | 0 | @a控制系统@Akong zhi xi tong |
| 690 | @aTG806-43@v4 | |
| 690 | @aTM93-43@v4 | |
| 701 | 0 | @a董永贵@Adong yong gui@4编著 |
| 701 | 0 | @a李庆祥@Ali qing xiang@4编著 |
| 801 | 0 | @aCN@c20061114 |
| 905 | @a10447@dTM93-43@eD751 | |
| 精密测控与系统= Precision measurement, control and systems/董永贵, 李庆祥编著.-北京:清华大学出版社,2005.9 |
| 389页:图;23cm.-(清华大学测控技术与仪器系列教材) |
| ISBN 7-302-11460-9:CNY38.00 |
| 本书以系统的观点阐述了现代精密仪器设计中的控制理论、测试技术和设计方法。内容包括: 导论、系统的数学模型、传感器与测试系统等。 |
| ● |
| 相关链接 |
|
|
|
正题名:精密测控与系统
索取号:TM93-43/D751
 
预约/预借
| 序号 | 登录号 | 条形码 | 馆藏地/架位号 | 状态 | 备注 |
| 1 | 638143 | 206381431 | 自科库301/301自科库 22排2列4层/ [索取号:TM93-43/D751] | 在馆 | |
| 2 | 638144 | 206381440 | 自科库301/301自科库 22排2列4层/ [索取号:TM93-43/D751] | 在馆 | |
| 3 | 638145 | 206381459 | 自科二线404/404自科库 11排3列4层/ [索取号:TM93-43/D751] | 在馆 |